Tous les buteurs français dans l'histoire de la Ligue des Champions ! - Statistiques

Statistiques générales
  • Ce quiz a été pris 100 fois
  • Le résultat moyen est 69 sur 216
Statistiques - réponses
Poste Buteur Buts Clubs % Correct
AC Karim Benzema 90 Olympique Lyonnais (12), Real Madrid (78)
100%
AC Kylian Mbappé 70 AS Monaco (6), PSG (42), Real Madrid (22)
99%
AC Thierry Henry 50 AS Monaco (7), Arsenal (35), FC Barcelone (8)
97%
AT Antoine Griezmann 44 Atlético Madrid (40), FC Barcelone (4)
96%
AC Moussa Dembélé 7 Celtic Glasgow (4), Olympique Lyonnais (3)
96%
AC Ousmane Dembélé 28 Borussia Dortmund (2), FC Barcelone (8), PSG (18)
96%
AG Franck Ribéry 18 Bayern Munich
92%
MO Zinédine Zidane 14 Juventus (5), Real Madrid (9)
91%
AD Désiré Doué 10 PSG
83%
AC Olivier Giroud 24 Arsenal (12), Chelsea (6), AC Milan (6)
82%
MC Khéphren Thuram 1 Juventus
79%
AG Kingsley Coman 17 Bayern Munich
79%
DC Lilian Thuram 1 AS Monaco
79%
AC Marcus Thuram 9 Borussia Mönchengladbach (2), Inter Milan (7)
79%
AC Nicolas Anelka 20 Arsenal (1), Real Madrid (2), PSG (5), Chelsea (12)
78%
MC Blaise Matuidi 8 Paris Saint-Germain (6), Juventus (2)
75%
AG Bradley Barcola 6 Paris Saint-Germain
75%
AC Alexandre Lacazette 5 Olympique Lyonnais
74%
MC Corentin Tolisso 9 Olympique Lyonnais (2), Bayern Munich (6)
74%
MC Adrien Rabiot 7 Paris Saint-Germain (4), Juventus (3)
73%
AD Michael Olise 10 Bayern Munich
73%
DC Ibrahima Konaté 4 Liverpool
69%
AC Christopher Nkunku 11 RB Leipzig
67%
MC Paul Pogba 4 Juventus (2), Manchester United (2)
67%
AC Jean-Pierre Papin 9 AC Milan (7), Bayern Munich (2)
66%
DG Lucas Hernandez 3 Bayern Munich (2), Paris Saint-Germain (1)
66%
DC Dayot Upamecano 1 Bayern Munich
64%
MO Yohann Gourcuff 6 AC Milan (1), Girondins de Bordeaux (4), Olympique Lyonnais (1)
64%
AC Randal Kolo Muani 7 Eintracht Francfort (2), Paris Saint-Germain (1), Tottenham (4)
62%
MG Robert Pirès 14 Olympique de Marseille (2), Arsenal (11), Villarreal (1)
62%
MO Samir Nasri 9 Arsenal (5), Manchester City (3), FC Séville (1)
62%
MC Aurélien Tchouaméni 1 Real Madrid
60%
DC Benjamin Pavard 3 Bayern Munich (2), Inter Milan (1)
60%
AC David Trezeguet 29 Deportivo La Corogne (12), Bayern Munich (17)
60%
AC Djibril Cissé 4 Liverpool (3), Olympique de Marseille (1)
58%
MDC Édouard Cissé 2 AS Monaco
58%
AT Éric Cantona 7 Leeds United (2), Manchester United (5)
58%
DD Jules Koundé 3 FC Séville (1), FC Barcelone (2)
58%
MC Eduardo Camavinga 1 Real Madrid
57%
MO Nabil Fekir 3 Olympique Lyonnais
57%
AC Wissam Ben Yedder 10 FC Séville
57%
AD Florian Thauvin 1 Olympique de Marseille
56%
MDC Patrick Vieira 3 Arsenal (1), Inter Milan (2)
56%
MO Rayan Cherki 3 Manchester City
56%
MC Warren Zaïre-Emery 2 Paris Saint-Germain
56%
MDC Didier Deschamps 1 Chelsea
55%
DG Ferland Mendy 1 Real Madrid
55%
AG Florent Malouda 8 Olympique Lyonnais (5), Chelsea (3)
55%
AC Hugo Ekitiké 3 Liverpool
55%
DC Laurent Blanc 3 Manchester United
55%
MO Mathieu Valbuena 4 Olympique de Marseille (3), Olympiakos (1)
55%
AD Sidney Govou 11 Olympique Lyonnais (10), Panathinaïkos (1)
55%
DC Raphaël Varane 2 Real Madrid
54%
MC Senny Mayulu 4 Paris Saint-Germain
54%
MO Dimitri Payet 2 Olympique de Marseille
53%
DG Patrice Evra 2 Manchester United
53%
DG Lucas Digne 1 FC Barcelone
52%
AC Ludovic Giuly 9 AS Monaco (4), FC Barcelone (4), AS Rome (1)
52%
DC Presnel Kimpembe 1 Paris Saint-Germain
52%
AC Kévin Gameiro 6 FC Séville (1), Atlético Madrid (3), Valence (2)
48%
DC Marcel Desailly 3 Olympique de Marseille (1), AC Milan (2)
48%
AG Sylvain Wiltord 15 Girondins de Bordeaux (4), Arsenal (3), Olympique Lyonnais (8)
48%
DC Adil Rami 2 Valence
47%
AC Anthony Martial 6 Manchester United
47%
MO Hatem Ben Arfa 2 Olympique Lyonnais
47%
DG Layvin Kurzawa 3 Paris Saint-Germain
46%
MDC Claude Makélélé 1 Real Madrid
44%
MC Abou Diaby 4 Arsenal
43%
AC André-Pierre Gignac 3 Olympique de Marseille
43%
AC Guillaume Hoarau 4 Paris Saint-Germain (1), Young Boys Berne (3)
43%
DD Malo Gusto 1 Chelsea
43%
AD Moussa Diaby 2 Bayer Leverkusen
43%
MO Johan Micoud 8 Girondins de Bordeaux (2), Werder Brême (6)
42%
MDC Alou Diarra 2 Olympique Lyonnais, Girondins de Bordeaux
40%
AC Bafétimbi Gomis 9 Olympique Lyonnais
39%
DC Clément Lenglet 3 FC Séville, FC Barcelone, Tottenham
39%
MO Youri Djorkaeff 4 AS Monaco (3), Inter Milan (1)
39%
DC Basile Boli 2 Olympique de Marseille
37%
AC Christophe Dugarry 3 AC Milan (1), Olympique de Marseille (2)
37%
AG David Ginola 1 Paris Saint-Germain
37%
DC William Gallas 3 Olympique de Marseille, Chelsea, Arsenal
37%
DC Laurent Koscielny 2 Arsenal
36%
AC Alassane Pléa 5 Borussia Mönchengladbach
35%
AC Jérémy Ménez 4 AS Rome (2), Paris Saint-Germain (2)
35%
MO Thomas Lemar 2 AS Monaco
35%
DC Welsey Fofana 1 Chelsea
35%
DD Djibril Sidibé 2 LOSC, AS Monaco
34%
AD Jonathan Ikoné 2 LOSC
34%
AD Maghnes Akliouche 3 AS Monaco
34%
MDC Steven Nzonzi 1 FC Séville
34%
AC Mathys Tel 2 Bayern Munich
33%
MDC Paul Le Guen 1 Paris Saint-Germain
33%
DC Philippe Mexès 2 AS Rome, AC Milan
33%
MC Tanguy Ndombélé 3 Olympique Lyonnais (2), Naples (1)
33%
DD Christophe Jallet 1 Olympique Lyonnais
31%
AC Louis Saha 4 Manchester United
31%
MG Jérôme Rothen 1 AS Monaco
30%
MC Mattéo Guendouzi 2 Olympique de Marseille
30%
MC Yohan Cabaye 1 Paris Saint-Germain
30%
MDC Maxime Gonalons 2 Olympique Lyonnais
29%
MO Olivier Kapo 1 AJ Auxerre
29%
MDC Tiemoué Bakayoko 2 AS Monaco, Chelsea
29%
DG Anthony Révéillère 1 Olympique Lyonnais
28%
DG Benoît Trémoulinas 1 FC Séville
28%
MDC Christian Karembeu 4 Real Madrid
28%
DC Frank Leboeuf 1 Chelsea
28%
MDC Benoït Cheyrou 1 Olympique de Marseille
27%
MC Bruno Cheyrou 4 LOSC (3), Liverpool (1)
27%
DC Marc Planus 1 Girondins de Bordeaux
27%
MO Rémy Cabella 2 Krasnodar, LOSC
27%
AC Valère Germain 2 AS Monaco
27%
MDC Francis Coquelin 1 Villarreal
26%
DD Sacha Boey 2 Galatasaray
26%
MDC Étienne Capoue 2 Villarreal
25%
DD Léo Dubois 1 Olympique Lyonnais
25%
AC Loïc Rémy 6 Olympique de Marseille (4), Chelsea (1), LOSC (1)
25%
MO Éric Carrière 6 Olympique Lyonnais
24%
MC Lucas Tousart 2 Olympique Lyonnais
24%
AG Martin Terrier 1 Olympique Lyonnais
24%
AC Jimmy Briand 2 Olympique Lyonnais
22%
MC Mahdi Camara 1 Stade Brestois
22%
DD Nordi Mukiele 3 RB Leipzig (2), Bayer Leverkusen (1)
22%
AC Pierre-Yves André 2 FC Nantes
22%
MC Adrien Thomasson 1 RC Lens
21%
DC Sébastien Squillacci 4 AS Monaco (1), FC Séville (2), Arsenal (1)
21%
AT Florent Sinama-Pongolle 2 Liverpool
20%
MC Jordan Ferri 2 Olympique Lyonnais
19%
AC Péguy Luyindula 4 Olympique Lyonnais
19%
MDC Pierre Lees-Melou 1 Stade Brestois
19%
DG Vincent Candela 1 Udinese
19%
DC Aly Cissokho 1 Olympique Lyonnais
18%
MDC Benoît Pedretti 1 LOSC
18%
DC Kurt Zouma 1 Chelsea
17%
AC Tony Vairelles 4 RC Lens (2), Olympique Lyonnais (2)
17%
AG Bernard Diomède 1 AJ Auxerre
16%
DC Gaël Givet 1 AS Monaco
16%
DG Sylvain Armand 1 FC Nantes
16%
AC Pierre-Alain Frau 2 Olympique Lyonnais
15%
DC Younès Kaboul 1 Tottenham
15%
MO Bryan Bergougnoux 1 Olympique Lyonnais
13%
MC Hugo Magnetti 1 Stade Brestois
13%
AC Jean-Kévin Augustin 1 RB Leipzig
13%
DC Michaël Ciani 3 Girondins de Bordeaux
13%
MC Enzo Millot 2 Stuttgart
12%
MC Franck Sauzée 6 Olympique de Marseille
12%
AC Lilian Laslandes 3 AJ Auxerre (1), Girondins de Bordeaux (2)
12%
DC Tanguy Nianzou 1 FC Séville
12%
AG WIlson Odobert 1 Tottenham
12%
MC Andy Diouf 1 Inter Milan
11%
DC Eliaquim Mangala 1 Standard de Liège
11%
DC Frédéric Déhu 2 FC Barcelone, Paris Saint-Germain
11%
DC Julien Escudé 2 FC Séville
11%
DC Mohamed Simakan 2 RB Leipzig
11%
MC Sabri Lamouchi 1 AJ Auxerre
11%
MG Steed Malbranque 1 Olympique Lyonnais
11%
MC Daniel Bravo 1 Paris Saint-Germain
10%
AT Daniel Moreira 4 RC Lens
10%
AD Gabriel Obertan 1 Manchester United
10%
DC Julien Rodriguez 1 Olympique de Marseille
10%
AG Laurent Robert 3 Paris Saint-Germain
10%
AC Nicolas Ouédec 5 FC Nantes
10%
AC David Bellion 1 Manchester United
9%
AD Frédéric Da Rocha 1 FC Nantes
9%
AC Frédéric Née 1 Olympique Lyonnais
9%
MO Jérôme Leroy 2 Paris Saint-Germain, Olympique de Marseille
9%
AC Laurent Leroy 4 Paris Saint-Germain
9%
DG Mikaël Silvestre 2 Manchester United
9%
AC Steve Marlet 7 AJ Auxerre (2), Olympique Lyonnais (4), Olympique de Marseille (1)
9%
MC Vincent Guérin 2 Paris Saint-Germain
9%
MG Pierre Laigle 2 Olympique Lyonnais
8%
AC David N'Gog 2 Liverpool
7%
MO Jean-Marc Ferreri 2 Olympique de Marseille
7%
MO Stéphane Ziani 1 FC Nantes
7%
DC Valérien Ismaël 3 Werder Brême (2), Bayern Munich (1)
7%
AC Yaya Sanogo 1 Arsenal
7%
AG Abdellah Zoubir 1 Qarabag
6%
MG Franck Gava 2 Paris Saint-Germain
6%
DG Grégory Tafforeau 1 LOSC
6%
DG Jérémy Berthod 1 Olympique Lyonnais
6%
DC Julien Le Cardinal 1 Stade Brestois
6%
MDC Peter Luccin 2 Paris Saint-Germain, Celta Vigo
6%
MG Reynald Pedros 3 FC Nantes
6%
DD Sébastien Pérez 2 Olympique de Marseille, RC Lens
6%
MC Stéphane Dalmat 1 Girondins de Bordeaux
6%
AC Adamo Coulibaly 2 Debreceni
4%
DC Bruno N'Gotty 1 Paris Saint-Germain
4%
DG Christophe Delmotte 2 Olympique Lyonnais
4%
AD Fabrice Pancrate 1 Paris Saint-Germain
4%
AC Georginio Rutter 1 Stade Rennais
4%
AC Nicolas Fauvergue 2 LOSC
4%
MG Olivier Quint 1 FC Nantes
4%
AC Pascal Nouma 1 Besiktas
4%
AG Christophe Pignol 1 AS Monaco
3%
DC Eddy Capron 1 FC Nantes
3%
DC François Modesto 2 Olympiakos
3%
AC Gaëtan Charbonnier 1 Montpellier
3%
MO Jérôme Gnako 1 AS Monaco
3%
DG Jimmy Algérino 1 Paris Saint-Germain
3%
MDC Jocelyn Blanchard 1 RC Lens
3%
DC Laurent Guyot 1 FC Nantes
3%
MG Mathieu Robail 1 LOSC
3%
MC Michel Pavon 1 Girondins de Bordeaux
3%
MD Mickaël Debève 1 RC Lens
3%
AC Thomas Deniaud 3 AJ Auxerre
3%
AD Abdoulay Konko 1 FC Séville
2%
AC Cédric Bardon 1 Arnothosis Famagouste
2%
MC Fabrice Abriel 1 Olympique de Marseille
2%
MO Franck Renou 1 FC Nantes
2%
AG Frédéric Sammaritano 1 AJ Auxerre
2%
AD Hassan Ahamada 1 FC Nantes
2%
MC Laurent Batlles 1 Girondins de Bordeaux
2%
MG Marc Zanotti 1 Girondins de Bordeaux
2%
MG Nicolas Bonnal 1 AS Monaco
2%
AD Samuel Grandsir 1 AS Monaco
2%
MDC Soungoutou Magassa 1 AS Monaco
2%
MC Thibault Moulin 1 Legia Varsovie
2%
Aucun quiz correspondant
Distribution des résultats
% des personnes avec chaque résultat
Percentile par nombre de réponses
Votre historique - résultats
Vous n’avez pas pris ce quiz